Online
Catalog

Hablando con ellos : (Record no. 12673)

MARC details
000 -CABECERA
campo de control de longitud fija 00867cam a2200241 a 4500
001 - NÚMERO DE CONTROL
campo de control 000013027
005 - FECHA Y HORA DE LA ÚLTIMA TRANSACCIÓN
campo de control 20200929163127.0
008 - DATOS DE LONGITUD FIJA--INFORMACIÓN GENERAL
campo de control de longitud fija 000321s1984 pr a 000 0dspa
040 ## - FUENTE DE LA CATALOGACIÓN
Centro catalogador/agencia de origen DO-SdBNP
Lengua de catalogación spa
Centro/agencia transcriptor DLC
Centro/agencia modificador BNPHU
082 ## - NÚMERO DE LA CLASIFICACIÓN DECIMAL DEWEY
Número de clasificación 917.295
Número de documento/Ítem D542h, 1984
049 ## - FONDOS LOCALES (OCLC)
Fondos de biblioteca BNGR
100 1# - ENTRADA PRINCIPAL--NOMBRE DE PERSONA
Nombre de persona Díaz Montero, Aníbal
Fechas asociadas al nombre 1911-
9 (RLIN) 20187
245 10 - MENCIÓN DE TÍTULO
Título Hablando con ellos :
Resto del título entrevistas /
Mención de responsabilidad, etc. Aníbal Díaz Montero ; prólogo Miguel Serrano Hernández.
250 ## - MENCIÓN DE EDICIÓN
Mención de edición 11a ed.
260 ## - PUBLICACIÓN, DISTRIBUCIÓN, ETC.
Lugar de publicación, distribución, etc. Santurce, Puerto Rico :
Nombre del editor, distribuidor, etc. Editorial Diaz Mont,
Fecha de publicación, distribución, etc. 1984.
300 ## - DESCRIPCIÓN FÍSICA
Extensión 126 p. :
Otras características físicas il. ;
Dimensiones 22 cm.
651 #4 - PUNTO DE ACCESO ADICIONAL DE MATERIA--NOMBRE GEOGRÁFICO
Nombre geográfico Puerto Rico
Subdivisión general Ocupaciones
-- Historia
9 (RLIN) 30078
651 #4 - PUNTO DE ACCESO ADICIONAL DE MATERIA--NOMBRE GEOGRÁFICO
Nombre geográfico Puerto Rico
Subdivisión general Vida Social Y Costumbres
9 (RLIN) 9074
651 #4 - PUNTO DE ACCESO ADICIONAL DE MATERIA--NOMBRE GEOGRÁFICO
Nombre geográfico Puerto Rico
Subdivisión de forma ANECDOTAS
9 (RLIN) 30079
650 #4 - PUNTO DE ACCESO ADICIONAL DE MATERIA--TÉRMINO DE MATERIA
Término de materia o nombre geográfico como elemento de entrada Entrevistas
Subdivisión geográfica Puerto Rico
9 (RLIN) 30080
700 1# - PUNTO DE ACCESO ADICIONAL--NOMBRE DE PERSONA
Nombre de persona Serrano Hernández, Miguel
Término indicativo de función/relación pról.
9 (RLIN) 30081
910 ## - DATOS DE OPCIÓN DEL USUARIO (OCLC)
Datos de opción del usuario Catalogación derivada
Holdings
Estado de retiro Estado de pérdida Restricciones de uso No para préstamo Código de colección Localización permanente Ubicación/localización actual Ubicación en estantería Fecha de adquisición Número de inventario Total de préstamos Signatura topográfica completa Código de barras Fecha visto por última vez Precio válido a partir de Tipo de ítem Koha
    Préstamo interno   Monografías: Libros y Folletos General General En catalogación 19.11.2009 LF1   917.295 D542h, 1984 13027-10 25.06.2020 25.06.2020 Préstamo interno

Powered by Koha